[Event "GER-ch U14"]
[Site "Willingen"]
[Date "2023.05.28"]
[Round "2"]
[White "Chugunov, Ivan"]
[Black "Dyachuk, Artem"]
[Result "0-1"]
[WhiteElo "1670"]
[BlackElo "2312"]
[PlyCount "74"]
[EventDate "2023.05.27"]
[EventType "swiss"]
[EventRounds "9"]
[EventCountry "GER"]
[SourceTitle "CBM 214 Extra"]
[Source "ChessBase"]
[SourceDate "2023.07.31"]
[SourceVersion "1"]
[SourceVersionDate "2023.07.31"]
[SourceQuality "1"]

1. d4 Nf6 2. Nf3 e6 3. g3 b6 4. Bg2 Bb7 5. 0-0 c5 6. c4 cxd4 7. Nxd4 Bxg2 8. Kxg2 Qc8 9. b3 Qb7+ 10. Kg1 Be7 11. Ba3 Bxa3 12. Nxa3 0-0 13. Rc1 a6 14. e3 Nc6 15. Qf3 Rac8 16. Rfd1 Rfd8 17. Nac2 Qc7 18. Nxc6 dxc6 19. Kg2 c5 20. Ne1 e5 21. h4 e4 22. Qf5 Re8 23. Rd2 Re5 24. Qf4 Qe7 25. Rcd1 h6 26. Rd6 Re6 27. Nc2 Rf8 28. Rxe6 fxe6 29. Rd2 Qf7 30. Na3 Qh5 31. Qd6 Qf3+ 32. Kg1 Ng4 33. Qxe6+ Kh8 34. Qd6 Rf6 35. Qb8+ Kh7 36. Nc2 Nxf2 37. Kf1 Ng4+ 0-1

[Event "GER-chT U14"]
[Site "Willingen"]
[Date "2022.08.14"]
[Round "4.8"]
[White "Chugunov, Ivan"]
[Black "Fock, Madiha"]
[Result "1/2-1/2"]
[WhiteElo "1630"]
[BlackElo "1472"]
[PlyCount "83"]
[EventDate "2022.08.13"]
[EventType "team-swiss"]
[EventRounds "7"]
[EventCountry "GER"]
[SourceTitle "EXT 2023"]
[Source "ChessBase"]
[SourceDate "2022.10.05"]
[SourceVersion "1"]
[SourceVersionDate "2022.10.05"]
[SourceQuality "1"]
[WhiteTeam "Ostfildern"]
[BlackTeam "Oberschoeneweide"]
[WhiteTeamCountry "GER"]
[BlackTeamCountry "GER"]

1. e4 c5 2. Nf3 d6 3. Bb5+ Bd7 4. Bxd7+ Nxd7 5. c4 Ngf6 6. Nc3 g6 7. d4 cxd4 8. Nxd4 Rc8 9. b3 Bg7 10. 0-0 0-0 11. Be3 Nc5 12. f3 a6 13. Qd2 Qd7 14. Rac1 Ne6 15. Rc2 Nxd4 16. Bxd4 Rfd8 17. Na4 Rc6 18. Rfc1 e6 19. Nb6 Qc7 20. Qf2 Nxe4 21. fxe4 Bxd4 22. Qxd4 Qxb6 23. Qxb6 Rxb6 24. Rd2 Rc6 25. Rcd1 Kf8 26. Kf2 Ke7 27. Ke3 Rc5 28. Rf1 Re5 29. Kd4 Rh5 30. h3 b5 31. cxb5 Rxb5 32. Rc2 Rb4+ 33. Ke3 Rb7 34. Rfc1 Kd7 35. Rc6 Ra8 36. R1c3 h5 37. Kd3 a5 38. a3 Raa7 39. R6c4 Rc7 40. Ra4 Rcb7 41. Rac4 Rc7 42. Ra4 1/2-1/2

[Event "GER-ch U12"]
[Site "Willingen"]
[Date "2021.08.28"]
[Round "8"]
[White "Noennig, Jakob1"]
[Black "Chugunov, Ivan"]
[Result "1/2-1/2"]
[WhiteElo "1442"]
[BlackElo "1488"]
[PlyCount "90"]
[EventDate "2021.08.22"]
[EventType "swiss"]
[EventRounds "9"]
[EventCountry "GER"]
[SourceTitle "EXT 2022"]
[Source "ChessBase"]
[SourceDate "2021.10.06"]
[SourceVersion "1"]
[SourceVersionDate "2021.10.06"]
[SourceQuality "1"]

1. e4 c5 2. Nf3 e6 3. d4 cxd4 4. Nxd4 Nc6 5. Be3 Qc7 6. Be2 Nf6 7. Nd2 a6 8. 0-0 Be7 9. Kh1 d5 10. exd5 Nxd5 11. Nxc6 Nxe3 12. fxe3 Qxc6 13. Bd3 g6 14. Ne4 0-0 15. Rf3 e5 16. Qf1 Kg7 17. Nd2 f5 18. e4 f4 19. Nc4 Qc5 20. c3 a5 21. a3 a4 22. h3 Be6 23. Nd2 h5 24. Rf2 g5 25. Qe2 g4 26. Qf1 Rac8 27. Bb5 g3 28. Rf3 Bg4 29. Bxa4 Bxf3 30. Nxf3 Rfd8 31. Re1 Rd6 32. Bb3 Bf6 33. Bd5 Rb6 34. Re2 Rd6 35. Qb1 b5 36. Qf1 Rcd8 37. Qe1 Rxd5 38. exd5 Rxd5 39. Rd2 Qd6 40. Rxd5 Qxd5 41. Nd2 Kg6 42. Qb1+ Kf7 43. Ne4 Ke6 44. Kg1 Bd8 45. Kf1 Kd7 1/2-1/2

[Event "GER-chT U14"]
[Site "Willingen"]
[Date "2021.06.26"]
[Round "5.5"]
[White "Chugunov, Ivan"]
[Black "Freude, Max"]
[Result "0-1"]
[WhiteElo "1500"]
[BlackElo "1806"]
[PlyCount "134"]
[EventDate "2021.06.23"]
[EventType "team-swiss"]
[EventRounds "7"]
[EventCountry "GER"]
[SourceTitle "EXT 2022"]
[Source "ChessBase"]
[SourceDate "2021.10.06"]
[SourceVersion "1"]
[SourceVersionDate "2021.10.06"]
[SourceQuality "1"]
[WhiteTeam "Ostfildern"]
[BlackTeam "Berlin Empor"]
[WhiteTeamCountry "GER"]
[BlackTeamCountry "GER"]

1. e4 c5 2. Nf3 Nc6 3. d4 cxd4 4. Nxd4 Nf6 5. Nc3 e5 6. Ndb5 d6 7. Bg5 a6 8. Na3 b5 9. Nd5 Be7 10. Bxf6 Bxf6 11. c3 0-0 12. Nc2 Be6 13. Nce3 Bg5 14. Bd3 Ne7 15. Bc2 g6 16. Bb3 Bxe3 17. Nxe3 Qd7 18. 0-0 Kg7 19. Bd5 Rab8 20. Qb3 Bxd5 21. Nxd5 f5 22. f3 Nc6 23. Rad1 Rf7 24. Qc2 Rbf8 25. Qd3 Nd8 26. b4 f4 27. c4 bxc4 28. Qxc4 Qa7+ 29. Rf2 Ne6 30. Kf1 Nd4 31. Rfd2 Qb7 32. Rc1 Qb5 33. Kf2 Rb8 34. Rxd4 exd4 35. Qxd4+ Kh6 36. g4 Qe8 37. g5+ Kxg5 38. Rg1+ Kh6 39. Nf6 Qe6 40. Nd5 Rc8 41. Qb2 Qe5 42. Rb1 Rff8 43. Ke2 Qh5 44. Rh1 Qe5 45. Rb1 Rc6 46. Kd3 Rfc8 47. Qxe5 dxe5 48. Rb2 Rc4 49. a4 Rd4+ 50. Ke2 Rc1 51. Kf2 Rcd1 52. b5 axb5 53. axb5 R4d2+ 54. Rxd2 Rxd2+ 55. Ke1 Rxh2 56. b6 Rb2 57. Kd1 Kg5 58. Kc1 Rb5 59. Kc2 h5 60. Kc3 h4 61. Kc4 Rb1 62. Nb4 Rc1+ 63. Kb5 Rc8 64. Nc6 h3 65. b7 Re8 66. Kb6 h2 67. Nxe5 h1Q 0-1

[Event "GER-ch U12"]
[Site "Willingen"]
[Date "2020.10.30"]
[Round "5"]
[White "Chugunov, Ivan"]
[Black "Schwarz, David"]
[Result "0-1"]
[WhiteElo "1552"]
[BlackElo "1200"]
[PlyCount "74"]
[EventDate "2020.10.26"]
[EventType "swiss"]
[EventRounds "7"]
[EventCountry "GER"]
[SourceTitle "CBM 199 Extra"]
[Source "ChessBase"]
[SourceDate "2021.01.31"]
[SourceVersion "1"]
[SourceVersionDate "2021.01.31"]
[SourceQuality "1"]

1. e4 e5 2. Nf3 Nc6 3. Bc4 Bc5 4. c3 Nf6 5. d3 d6 6. Bb3 a6 7. h3 Ba7 8. Nbd2 h6 9. a4 Be6 10. Bc2 Qd7 11. Nf1 g5 12. b4 Ne7 13. g4 Ng6 14. Ng3 0-0-0 15. a5 Nf4 16. Bxf4 gxf4 17. Ba4 c6 18. Nf5 Rdg8 19. Rg1 h5 20. Nd2 hxg4 21. hxg4 Rh2 22. d4 Bxf5 23. exf5 exd4 24. Nf3 Rh3 25. cxd4 Rxg4 26. Rxg4 Nxg4 27. Ng1 Rh4 28. Ra2 Qxf5 29. Re2 f3 30. Qc2 Qxc2 31. Rxc2 Rh1 32. Kd2 Rxg1 33. Rc3 Rf1 34. Rxf3 Rxf2+ 35. Rxf2 Nxf2 36. Bc2 Bxd4 37. Ke2 Kc7 0-1

[Event "GER-ch U12"]
[Site "Willingen"]
[Date "2020.10.27"]
[Round "1"]
[White "Chugunov, Ivan"]
[Black "Payyappat, Sayas"]
[Result "1/2-1/2"]
[WhiteElo "1552"]
[BlackElo "2144"]
[PlyCount "61"]
[EventDate "2020.10.26"]
[EventType "swiss"]
[EventRounds "7"]
[EventCountry "GER"]
[SourceTitle "CBM 199 Extra"]
[Source "ChessBase"]
[SourceDate "2021.01.31"]
[SourceVersion "1"]
[SourceVersionDate "2021.01.31"]
[SourceQuality "1"]

1. e4 e5 2. Nf3 Nc6 3. Bc4 Bc5 4. c3 Nf6 5. d3 d5 6. exd5 Nxd5 7. 0-0 0-0 8. Re1 Be6 9. Bb3 Bb6 10. Bc2 Re8 11. Nbd2 Nf4 12. Nf1 Qf6 13. Ng3 Bg4 14. Bxf4 Qxf4 15. Re4 Bxf3 16. Qxf3 Qxf3 17. gxf3 g6 18. Rae1 f5 19. R4e2 Red8 20. Nf1 a5 21. a4 Bc5 22. Nd2 Be7 23. f4 exf4 24. Rxe7 Nxe7 25. Rxe7 Rac8 26. Bb3+ Kh8 27. d4 Re8 28. Rxe8+ Rxe8 29. Kf1 Kg7 30. Bd5 b6 31. Bc6 1/2-1/2

[Event "GER-chT U12"]
[Site "Magdeburg"]
[Date "2019.12.27"]
[Round "1.4"]
[White "Chugunov, Ivan"]
[Black "Rehbein, Vitus"]
[Result "1-0"]
[WhiteElo "1383"]
[BlackElo "1547"]
[PlyCount "75"]
[EventDate "2019.12.27"]
[EventType "team-swiss"]
[EventRounds "7"]
[EventCountry "GER"]
[SourceTitle "CBM 194 Extra"]
[Source "ChessBase"]
[SourceDate "2020.03.31"]
[SourceVersion "1"]
[SourceVersionDate "2020.03.31"]
[SourceQuality "1"]
[WhiteTeam "Ostfildern"]
[BlackTeam "Bemerode"]
[WhiteTeamCountry "GER"]
[BlackTeamCountry "GER"]

1. e4 d6 2. d4 Nf6 3. Nc3 g6 4. Bc4 Bg7 5. f4 0-0 6. Nf3 Nxe4 7. Nxe4 d5 8. Bd3 dxe4 9. Bxe4 Nc6 10. c3 Be6 11. d5 f5 12. Ng5 Bf7 13. Bf3 Na5 14. 0-0 Qd6 15. Be3 Nc4 16. Nxf7 Rxf7 17. Qe2 Nb6 18. Rfd1 Rd8 19. c4 Qb4 20. Bxb6 Qxb6+ 21. Kh1 Bd4 22. Rab1 Qf6 23. b4 b6 24. Re1 Bc3 25. Rec1 a5 26. a3 Qd4 27. g3 Re8 28. Rd1 Qf6 29. Qe6 Qxe6 30. dxe6 Rff8 31. Rd3 axb4 32. axb4 Bf6 33. Rbd1 Rc8 34. Bc6 Kg7 35. Rd7 Bc3 36. Rxe7+ Kf6 37. Rxh7 Kxe6 38. Bd7+ 1-0

[Event "GER-ch U10"]
[Site "Willingen"]
[Date "2019.06.12"]
[Round "6"]
[White "Haubold, Sebastian Marcel"]
[Black "Chugunov, Ivan"]
[Result "1-0"]
[WhiteElo "1506"]
[BlackElo "1310"]
[PlyCount "79"]
[EventDate "2019.06.08"]
[EventType "swiss"]
[EventRounds "11"]
[EventCountry "GER"]
[SourceTitle "CBM 191 Extra"]
[Source "ChessBase"]
[SourceDate "2019.09.30"]
[SourceVersion "1"]
[SourceVersionDate "2019.09.30"]
[SourceQuality "1"]

1. e4 d5 2. exd5 Qxd5 3. Nc3 Qd6 4. d4 Nf6 5. Nf3 c6 6. Bg5 Bg4 7. Be2 Nbd7 8. Qd2 e6 9. 0-0 Be7 10. a3 Qc7 11. h3 Bh5 12. Rfe1 0-0 13. Rad1 h6 14. Bf4 Qc8 15. Qe3 Nd5 16. Nxd5 cxd5 17. c4 Nf6 18. c5 b6 19. b4 bxc5 20. bxc5 Bg6 21. Ne5 Bh7 22. Bd3 Bxd3 23. Rxd3 Nd7 24. Qg3 Kh7 25. Qg4 Nxe5 26. Bxe5 Rg8 27. Rg3 Qf8 28. Rb1 f6 29. Qg6+ Kh8 30. Bf4 Qe8 31. Rb7 Qxg6 32. Rxg6 Kh7 33. Rg3 Rge8 34. Bd6 Bxd6 35. Rgxg7+ Kh8 36. cxd6 a5 37. Rge7 Kg8 38. Rbc7 Rad8 39. Rxe8+ Rxe8 40. d7 1-0

[Event "GER-ch U10"]
[Site "Willingen"]
[Date "2019.06.11"]
[Round "5"]
[White "Chugunov, Ivan"]
[Black "Torosyan, Bagrat"]
[Result "1/2-1/2"]
[WhiteElo "1310"]
[BlackElo "1444"]
[PlyCount "118"]
[EventDate "2019.06.08"]
[EventType "swiss"]
[EventRounds "11"]
[EventCountry "GER"]
[SourceTitle "CBM 191 Extra"]
[Source "ChessBase"]
[SourceDate "2019.09.30"]
[SourceVersion "1"]
[SourceVersionDate "2019.09.30"]
[SourceQuality "1"]

1. e4 e5 2. Nf3 Nc6 3. Bc4 Nf6 4. d3 Bc5 5. c3 d5 6. exd5 Nxd5 7. 0-0 0-0 8. b4 Bb6 9. Bxd5 Qxd5 10. c4 Qd7 11. c5 Nxb4 12. cxb6 axb6 13. Nxe5 Qd4 14. Ba3 Qxe5 15. d4 Qa5 16. Qd2 c5 17. d5 Rd8 18. Bxb4 Qxb4 19. Re1 Qxd2 20. Nxd2 b5 21. d6 Bf5 22. Re5 Rxd6 23. Rxf5 Rxd2 24. Rxc5 h6 25. g3 Raxa2 26. Rxa2 Rxa2 27. Rxb5 Ra7 28. Kg2 Kf8 29. Kf3 Ke7 30. Ke4 Kd6 31. h4 Kc6 32. Re5 b5 33. Kd3 Rb7 34. Kc3 Kd6 35. Re8 b4+ 36. Kb3 Kd5 37. Re3 Kd4 38. Rf3 Kc5 39. Rf5+ Kd4 40. Rf3 f6 41. Re3 Rb6 42. Re2 g5 43. h5 f5 44. f4 gxf4 45. gxf4 Rb5 46. Re6 Kd3 47. Rxh6 Ke4 48. Rf6 Kxf4 49. Rg6 Rb7 50. h6 Rh7 51. Kxb4 Kf3 52. Kc3 f4 53. Kd3 Kf2 54. Ke4 f3 55. Rf6 Ke2 56. Kf5 f2 57. Kg6 Rxh6+ 58. Kxh6 f1Q 59. Rxf1 Kxf1 1/2-1/2

[Event "GER-ch U10"]
[Site "Willingen"]
[Date "2019.06.10"]
[Round "4"]
[White "Moeller, Tom"]
[Black "Chugunov, Ivan"]
[Result "0-1"]
[WhiteElo "1229"]
[BlackElo "1310"]
[PlyCount "114"]
[EventDate "2019.06.08"]
[EventType "swiss"]
[EventRounds "11"]
[EventCountry "GER"]
[SourceTitle "CBM 191 Extra"]
[Source "ChessBase"]
[SourceDate "2019.09.30"]
[SourceVersion "1"]
[SourceVersionDate "2019.09.30"]
[SourceQuality "1"]

1. e4 c6 2. d4 d5 3. e5 Bf5 4. Ne2 e6 5. Ng3 Bg6 6. h4 h6 7. h5 Bh7 8. Bd3 Bxd3 9. cxd3 Qb6 10. Be3 Nd7 11. 0-0 Ne7 12. f4 c5 13. dxc5 Nxc5 14. d4 Nd7 15. Qc2 Rc8 16. Nc3 g6 17. hxg6 fxg6 18. a4 a6 19. a5 Qc6 20. Rac1 Nf5 21. Nxf5 gxf5 22. Qe2 Kd8 23. Bf2 Be7 24. Rc2 Qc4 25. Qxc4 Rxc4 26. Ra1 Nf8 27. Ra4 Rc6 28. g3 Kd7 29. Kf1 Ng6 30. Ke2 Rhc8 31. Kd2 Rc4 32. Rxc4 Rxc4 33. b3 Rb4 34. Rb2 Bd8 35. Na2 Rb5 36. b4 Bxa5 37. Kc3 Bd8 38. Kb3 Rb6 39. Nc3 Be7 40. Ka4 Rc6 41. Rb3 b5+ 42. Ka3 Kc7 43. Kb2 Rc4 44. Na2 Kb6 45. Be3 h5 46. Rc3 h4 47. Rxc4 bxc4 48. Bf2 h3 49. Bg1 Nh8 50. Kc3 Nf7 51. Bh2 Nh6 52. Nc1 Ng4 53. Ne2 Nxh2 54. Ng1 Nf1 55. Nxh3 Nxg3 56. Ng5 Bxg5 57. fxg5 Ne4+ 0-1

[Event "GER-ch U10"]
[Site "Willingen"]
[Date "2019.06.09"]
[Round "2"]
[White "Sommer, Justus"]
[Black "Chugunov, Ivan"]
[Result "1-0"]
[WhiteElo "1684"]
[BlackElo "1310"]
[PlyCount "123"]
[EventDate "2019.06.08"]
[EventType "swiss"]
[EventRounds "11"]
[EventCountry "GER"]
[SourceTitle "CBM 191 Extra"]
[Source "ChessBase"]
[SourceDate "2019.09.30"]
[SourceVersion "1"]
[SourceVersionDate "2019.09.30"]
[SourceQuality "1"]

1. e4 c6 2. d4 d5 3. exd5 cxd5 4. Bd3 Nf6 5. Bf4 Nc6 6. c3 Bg4 7. Qb3 Qc8 8. Nd2 e6 9. Ngf3 Be7 10. 0-0 0-0 11. Rae1 a6 12. a4 Ne8 13. Qc2 Nf6 14. Ne5 Bh5 15. Ndf3 Bg6 16. Nxg6 hxg6 17. Re2 Ne8 18. Rfe1 Nd6 19. Ne5 b5 20. Nf3 b4 21. Bxd6 Bxd6 22. Rc1 bxc3 23. Qxc3 Ne7 24. Qd2 Qb7 25. g3 Rfc8 26. Qd1 Rxc1 27. Qxc1 Rc8 28. Rc2 Rxc2 29. Qxc2 Nf5 30. Bxf5 gxf5 31. Kg2 Kf8 32. Ng5 Ke7 33. f4 f6 34. Nf3 Kd7 35. b3 Qc6 36. Qd3 Kc7 37. Qd2 Kb6 38. Ne1 Be7 39. Nd3 Ka7 40. Kh3 Qb6 41. Qc3 Bd8 42. b4 Kb7 43. Nc5+ Ka7 44. Qe1 Be7 45. a5 Qb5 46. Qxe6 Bxc5 47. dxc5 Qd3 48. Qd7+ Ka8 49. Qc6+ Kb8 50. Qb6+ Kc8 51. c6 Qf1+ 52. Kh4 g5+ 53. Kh5 Qe2+ 54. Kh6 Qb5 55. Qxb5 axb5 56. a6 Kb8 57. fxg5 fxg5 58. Kxg5 d4 59. Kf4 d3 60. Ke3 f4+ 61. gxf4 d2 62. Kxd2 1-0

[Event "GER-chT U12"]
[Site "Magdeburg"]
[Date "2018.12.28"]
[Round "3.2"]
[White "Lerchl, Clemens"]
[Black "Chugunov, Ivan"]
[Result "1-0"]
[WhiteElo "1625"]
[BlackElo "1359"]
[PlyCount "111"]
[EventDate "2018.12.27"]
[EventType "team-swiss"]
[EventRounds "7"]
[EventCountry "GER"]
[SourceTitle "CBM 188 Extra"]
[Source "ChessBase"]
[SourceDate "2019.02.28"]
[SourceVersion "1"]
[SourceVersionDate "2019.02.28"]
[SourceQuality "1"]
[WhiteTeam "Vaterstetten"]
[BlackTeam "Ostfildern"]
[WhiteTeamCountry "GER"]
[BlackTeamCountry "GER"]

1. e4 c6 2. d4 d5 3. exd5 cxd5 4. c4 Nf6 5. Nc3 Nc6 6. Nf3 Bg4 7. Be2 e6 8. 0-0 Be7 9. Ne5 Bxe2 10. Nxc6 Bxd1 11. Nxd8 Be2 12. Nxe2 Kxd8 13. Bf4 Rc8 14. c5 b6 15. b4 Kd7 16. Rfc1 Nh5 17. Be3 Nf6 18. Rc2 Rc6 19. Rac1 a6 20. a4 Rb8 21. b5 axb5 22. axb5 Rcc8 23. c6+ Kc7 24. Ra2 Ra8 25. Rca1 Rxa2 26. Rxa2 Ne8 27. Ra7+ Kb8 28. Rxe7 Ka8 29. Rxf7 Nd6 30. Rxg7 Nxb5 31. Rxh7 Rxc6 32. Rh8+ Ka7 33. g4 Rc2 34. Nf4 Rc4 35. Nxe6 Kb7 36. g5 Nd6 37. g6 Nf5 38. g7 Nxg7 39. Nxg7 b5 40. Ne6 b4 41. h4 b3 42. Nc5+ Rxc5 43. dxc5 b2 44. c6+ Kc7 45. Bf4+ Kxc6 46. Rb8 d4 47. Rxb2 Kc5 48. h5 Kc4 49. h6 d3 50. h7 Kd5 51. h8Q Ke4 52. Qe5+ Kf3 53. Qf5 d2 54. Bb8+ Ke2 55. Qe4+ Kd1 56. Rb1# 1-0

[Event "GER-chT U12"]
[Site "Magdeburg"]
[Date "2018.12.27"]
[Round "2.2"]
[White "Chugunov, Ivan"]
[Black "Andrei, Quentin"]
[Result "1-0"]
[WhiteElo "1359"]
[BlackElo "1219"]
[PlyCount "97"]
[EventDate "2018.12.27"]
[EventType "team-swiss"]
[EventRounds "7"]
[EventCountry "GER"]
[SourceTitle "CBM 188 Extra"]
[Source "ChessBase"]
[SourceDate "2019.02.28"]
[SourceVersion "1"]
[SourceVersionDate "2019.02.28"]
[SourceQuality "1"]
[WhiteTeam "Ostfildern"]
[BlackTeam "Bebenhausen"]
[WhiteTeamCountry "GER"]
[BlackTeamCountry "GER"]

1. e4 e6 2. d4 d5 3. exd5 exd5 4. c4 c6 5. Nc3 Nf6 6. Bg5 Be7 7. Nf3 0-0 8. Be2 Bf5 9. cxd5 cxd5 10. Qd2 Nbd7 11. 0-0-0 Rc8 12. Nh4 Be6 13. Nf3 Qc7 14. h4 Bb4 15. Kc2 Ne4 16. Bf4 Qa5 17. Qe1 Bxc3 18. bxc3 Rxc3+ 19. Kb1 Qb6+ 20. Ka1 Rfc8 21. Rb1 Qa5 22. Bd2 Nxd2 23. Qxd2 Qa3 24. Ne1 Rc1 25. Bd1 Bf5 26. Bc2 Rxb1+ 27. Bxb1 Rc1 28. Nc2 Rxh1 29. Nxa3 Nb6 30. Qe3 h6 31. g4 Nc4 32. Qe8+ Kh7 33. gxf5 Nxa3 34. Kb2 Nc4+ 35. Kc3 Rc1+ 36. Bc2 Na3 37. Kb2 Rxc2+ 38. Kxa3 Rxf2 39. Qxf7 Rf3+ 40. Kb4 Rf1 41. Qxd5 Rb1+ 42. Kc3 Rb6 43. Qe4 Rc6+ 44. Kd3 g6 45. h5 Ra6 46. fxg6+ Kg7 47. Qe7+ Kg8 48. Qf7+ Kh8 49. Qf8# 1-0

[Event "Baden Wuerttemberg-chT U12"]
[Site "Burg Ortenberg"]
[Date "2018.06.24"]
[Round "5.2"]
[White "Kiefhaber, Julius"]
[Black "Chugunov, Ivan"]
[Result "1/2-1/2"]
[WhiteElo "1417"]
[BlackElo "1324"]
[PlyCount "49"]
[EventDate "2018.06.23"]
[EventType "team-tourn"]
[EventRounds "5"]
[EventCountry "GER"]
[SourceTitle "EXT 2019"]
[Source "ChessBase"]
[SourceDate "2018.10.10"]
[SourceVersion "1"]
[SourceVersionDate "2018.10.10"]
[SourceQuality "1"]
[WhiteTeam "Karlsruhe U12"]
[BlackTeam "Ostfildern U12"]
[WhiteTeamCountry "GER"]
[BlackTeamCountry "GER"]

1. e4 c6 2. d4 d5 3. exd5 cxd5 4. Nf3 Nf6 5. Be3 Bg4 6. Be2 e6 7. 0-0 Be7 8. Ne5 Bxe2 9. Qxe2 Nbd7 10. Nxd7 Qxd7 11. Nd2 0-0 12. c3 b5 13. a3 a5 14. b4 a4 15. Bg5 h6 16. Bxf6 Bxf6 17. Nf3 Rfc8 18. Rfc1 Rc4 19. Rc2 Rac8 20. Rac1 Qc7 21. g3 Qb7 22. Qd3 Qc7 23. Qe2 Qd6 24. Nd2 R4c6 25. Nf3 1/2-1/2